| 000 | 01169cam a22003015i 4500 | ||
|---|---|---|---|
| 999 |
_c25627 _d25599 |
||
| 003 | EG-ScBUE | ||
| 005 | 20200923142613.0 | ||
| 008 | 171120t19961996ne a f 001 0 eng d | ||
| 020 | _a9054106247 | ||
| 040 |
_aEG-ScBUE _beng _erda _cEG-ScBUE _dEG-ScBUE |
||
| 082 | 0 | 4 |
_a624.17 _bDYN _222 |
| 245 | 0 | 0 |
_aDynamics of civil engineering structures / _cedited by Wilfried B. Krätzig, Hans-Jürgen Niemann, Ruhr-University Bochum, Germany. |
| 264 | 1 |
_aRotterdam : _bA.A. Balkema, _c[1996] |
|
| 264 | 4 | _cc1996 | |
| 300 |
_axii, 630 pages : _billustrations ; _c26 cm |
||
| 336 |
_atext _btxt _2rdacontent |
||
| 337 |
_aunmediated _bn _2rdamedia |
||
| 338 |
_avolume _bnc _2rdacarrier |
||
| 504 | _aIncludes bibliographical references. | ||
| 520 | _aA modern view on structural dynamics originating from the work of nearly all members of the Research Center on Structural Dynamics as well as some guests. | ||
| 650 | 7 |
_aStructural dynamics. _2BUEsh |
|
| 650 | 7 |
_aStructural engineering. _2BUEsh |
|
| 651 | _2BUEsh | ||
| 653 |
_bENGCIV _cSeptember2020 |
||
| 700 | 1 |
_aKratzig, Wilfried B., _eeditor. |
|
| 700 | 1 |
_aNiemann, Hans-Jurgen, _eeditor. _910804 |
|
| 942 |
_2ddc _cBB |
||